000 00360nam a22001457a 4500
999 _c193078
_d193078
008 221014b ||||| |||| 00| 0 eng d
082 _aS-DHA
100 _aDHAN GOPAL MUKERJI
245 _aGAY NECK
_hENGLISH
260 _aNEW DELHI
_bA.I.C.B
270 _aA.I.C.B,ROHINI NEW DELHI
300 _a.
_b.
_c12X13
490 _v1-2
942 _2ddc
_cBRLEN
_kS
_mDHA